Sports Quiz

Random Sports or NBA Quiz

NBA Top 10 Scorers Per Season (1980s) Quiz Stats

 Plays Quiz Updated Sep 18, 2015

Score 0/100 Timer 10:00
11 Plays Today
Year Player % Correct
1984-85Michael Jordan
97.5%
1986-87Michael Jordan
97.5%
1987-88Michael Jordan
97.5%
1988-89Michael Jordan
97.5%
1981-82Larry Bird
95.1%
1983-84Larry Bird
95.1%
1984-85Larry Bird
95.1%
1985-86Larry Bird
95.1%
1986-87Larry Bird
95.1%
1987-88Larry Bird
95.1%
1986-87Magic Johnson
93.7%
1979-80Kareem Abdul-Jabbar
89.2%
1980-81Kareem Abdul-Jabbar
89.2%
1981-82Kareem Abdul-Jabbar
89.2%
1987-88Karl Malone
85.8%
1988-89Karl Malone
85.8%
1979-80Moses Malone
85.8%
1980-81Moses Malone
85.8%
1981-82Moses Malone
85.8%
1982-83Moses Malone
85.8%
1984-85Moses Malone
85.8%
1985-86Moses Malone
85.8%
1986-87Moses Malone
85.8%
1979-80Julius Erving
77.3%
1980-81Julius Erving
77.3%
1981-82Julius Erving
77.3%
1985-86Hakeem Olajuwon
77%
1987-88Hakeem Olajuwon
77%
1988-89Hakeem Olajuwon
77%
1986-87Kevin McHale
76.9%
1987-88Charles Barkley
73%
1988-89Charles Barkley
73%
1984-85Dominique Wilkins
70.7%
1985-86Dominique Wilkins
70.7%
Year Player % Correct
1986-87Dominique Wilkins
70.7%
1987-88Dominique Wilkins
70.7%
1988-89Dominique Wilkins
70.7%
1979-80George Gervin
67.4%
1980-81George Gervin
67.4%
1981-82George Gervin
67.4%
1982-83George Gervin
67.4%
1983-84George Gervin
67.4%
1987-88Clyde Drexler
65.6%
1988-89Clyde Drexler
65.6%
1980-81Alex English
63.3%
1981-82Alex English
63.3%
1982-83Alex English
63.3%
1983-84Alex English
63.3%
1984-85Alex English
63.3%
1985-86Alex English
63.3%
1986-87Alex English
63.3%
1987-88Alex English
63.3%
1988-89Alex English
63.3%
1981-82Bernard King
60.1%
1983-84Bernard King
60.1%
1984-85Bernard King
60.1%
1979-80Adrian Dantley
58.3%
1980-81Adrian Dantley
58.3%
1981-82Adrian Dantley
58.3%
1983-84Adrian Dantley
58.3%
1984-85Adrian Dantley
58.3%
1985-86Adrian Dantley
58.3%
1988-89Chris Mullin
45.1%
1982-83Mark Aguirre
43.7%
1983-84Mark Aguirre
43.7%
1984-85Mark Aguirre
43.7%
1986-87Mark Aguirre
43.7%
1987-88Mark Aguirre
43.7%
Year Player % Correct
1980-81David Thompson
42.5%
1988-89Tom Chambers
40.5%
1981-82Gus Williams
40%
1979-80World B. Free
35.4%
1980-81World B. Free
35.4%
1981-82World B. Free
35.4%
1982-83World B. Free
35.4%
1985-86World B. Free
35.4%
1979-80Elvin Hayes
34.1%
1982-83Kiki Vandeweghe
32.5%
1983-84Kiki Vandeweghe
32.5%
1985-86Kiki Vandeweghe
32.5%
1986-87Kiki Vandeweghe
32.5%
1982-83Terry Cummings
26.4%
1983-84Terry Cummings
26.4%
1984-85Terry Cummings
26.4%
1986-87Dale Ellis
25.9%
1987-88Dale Ellis
25.9%
1988-89Dale Ellis
25.9%
1979-80Dan Issel
24.1%
1982-83Reggie Theus
22.4%
1982-83Kelly Tripucka
21.1%
1982-83Joe Barry Carroll
15%
1983-84Purvis Short
13.8%
1984-85Purvis Short
13.8%
1985-86Purvis Short
13.8%
1979-80Mike Mitchell
12.8%
1980-81Mike Mitchell
12.8%
1983-84Mike Mitchell
12.8%
1985-86Mike Mitchell
12.8%
1979-80Otis Birdsong
11.2%
1980-81Otis Birdsong
11.2%

You're not logged in!

Compare scores with friends on all Sporcle quizzes.
OR
Log In

Show Comments

Extras

Top Quizzes Today


Score Distribution

Your Account Isn't Verified!

In order to create a playlist on Sporcle, you need to verify the email address you used during registration. Go to your Sporcle Settings to finish the process.

Report this User

Report this user for behavior that violates our Community Guidelines.

Details: